000 00304nam a22001337a 4500
008 170928b xxu||||| |||| 00| 0 eng d
020 _a9780495635741
041 _aeng
080 _a37
100 _a47
101 _aEDU
245 _aA CONCISE INTRODUCTION TO LOGIC 10E
_cHURLEY,P,J
942 _2udc
_cBK
999 _c30578
_d30578